| 000 | 00777nam a22002057a 4500 | ||
|---|---|---|---|
| 003 | NUST-PNEC | ||
| 005 | 20170116180709.0 | ||
| 008 | 141001b xxu||||| |||| 00| 0 eng d | ||
| 020 | _a0070617392 | ||
| 040 | _cPNEC | ||
| 082 | _a621.902 JOS | ||
| 100 |
_9481 _aJoshi P H |
||
| 245 |
_aMachine tools handbook : _bdesign and operation _cP H Joshi |
||
| 260 |
_aNew Delhi _bTata McGraw-Hill _cc. 2007 |
||
| 300 |
_axiv, 732 p. : _bill. ; _c25 cm. |
||
| 500 | _ahttp://www.amazon.com/Machine-Tools-Handbook-McGraw-Hill-Handbooks/dp/0070617392/ref=sr_1_1?s=books&ie=UTF8&qid=1412165721&sr=1-1&keywords=0070617392 | ||
| 500 | _ahttps://www.worldcat.org/title/machine-tools-handbook-design-and-operation/oclc/214221203&referer=brief_results | ||
| 650 | _xME | ||
| 942 |
_2ddc _cBK |
||
| 999 |
_c60874 _d60874 |
||